000 00769nam a22001815i 4500
001 167569
003 ES-MaACL
005 20230906213543.0
008 050926s1835 sp af | |||||||| ||spa d
040 _aCAM
_bspa
_cCAM
100 1 _aVillanueva, Isaac.
_9133745
245 1 0 _aDibujo geométrico aplicado á las artes /
_cpor Isaac Villanueva.
260 _aMadrid :
_b[s.n.],
_c1835 (
_fImprenta de Julián Viana Razola)
300 _a1 v. ;
_c22 cm.
500 _aObra adoptada por el Real Conservatorio de Artes para la enseñanza de delineación.
505 8 _aParte primera: contiene la geometría y proyecciones (76 p., [7] h. de lám. pleg.)
852 _aES-MaACL
_jT-674-F-6
_z-- Enc. hol.
_q-- Contiene únicamente parte primera
_z-- Enc. en un vol. facticio
999 _c167569
_d167569